| 000 | 00693cam a2200229 4500 | ||
|---|---|---|---|
| 008 | 090401t1996 xxu||||| |||| 00| 0 eng d | ||
| 020 | _a0750622563 | ||
| 035 | _a(Sirsi) u64318 | ||
| 041 | _aeng | ||
| 050 | _a725.8 $2 18 | ||
| 245 | 0 | 0 |
_aHandbook of sports and recreational building design _bvolume three _bswimming pools and ice rinks |
| 250 | _a2nd ed. | ||
| 260 |
_aOxford _bButterworth-Heinemann _c1996 |
||
| 300 |
_a245p. _bill. _c30cm. |
||
| 350 | _a75 | ||
| 690 | _aBUILT ENVIRONMENT-CONSTRUCTION DESIGN | ||
| 690 | _aPROPERTY-COMMERCIAL PROPERTY-LEISURE PROPERTY | ||
| 700 | 1 |
_aCampbell, Kit _eEditor |
|
| 700 | 1 |
_aJohn, Geraint _eEditor |
|
| 942 | _n0 | ||
| 948 | _c04/03/1997 | ||
| 999 |
_c94667 _d94667 |
||